| 000 | 00462nam a2200181Ia 4500 | ||
|---|---|---|---|
| 008 | 240925s9999 xx 000 0 und d | ||
| 020 | _a9788130922904 | ||
| 082 | _a338.9 JOH | ||
| 100 | _aJones, Charles I. | ||
| 245 | 0 | _aIntroduction to Economic Growth | |
| 250 | _a2nd | ||
| 260 |
_aNew Delhi: _bViva Books _c,2018. |
||
| 300 |
_a520p. _b0 _fOriginal |
||
| 500 | _aIncludes Index | ||
| 600 | _aSocial Sciences | ||
| 650 | _aSocial Sciences | ||
| 942 | _cBK | ||
| 999 |
_c16078 _d16078 |
||